Sports Quiz

Random Sports or Football Quiz

All-Time Greatest Manchester United XI Quiz Stats

 Plays Quiz not verified by Sporcle

Challenge
Share
Tweet
Embed
Score 0/11 Timer 04:00
0 Plays Today
Position Player % Correct
Right BackGary Neville
96.9%
Left MidfieldRyan Giggs
95.5%
GoalkeeperPeter Schmeichel
94.4%
Centre MidfieldPaul Scholes
93%
Right MidfieldCristiano Ronaldo
84.7%
StrikerEric Cantona
82.6%
Left BackDenis Irwin
81.2%
Centre MidfieldBobby Charlton
80.8%
Centre BackSteve Bruce
71.1%
StrikerDenis Law
61.7%
Centre BackBill Foulkes
21.6%

You're not logged in!

Compare scores with friends on all Sporcle quizzes.
Join for Free
OR
Log In

You Might Also Like...

Show Comments

Extras

Top Quizzes Today


Score Distribution

Your Account Isn't Verified!

In order to create a playlist on Sporcle, you need to verify the email address you used during registration. Go to your Sporcle Settings to finish the process.

Report this User

Report this user for behavior that violates our Community Guidelines.

Details: